000 00861nam a2200217Ia 4500
001 19208
005 20260317171126.0
008 260306s9999||||xx |||||||||||||| ||und||
041 _aESP
082 _a658.802
_bF43
100 _aFerrell, O. C.
_eAUT
245 0 _aEstrategia de marketing
260 _c2018
300 _axiii, 440 páginas :
_c27 cm.
650 _aGEN
654 _aCAN
856 _uhttps://itmsp.museknowledge.com/UCSP?url=https://www.ebooks7-24.com:443/?il=4204&pg=1
_zVersión digital
856 _uhttps://0u213su22-y-https-ebooks7--24-com.itmsp.museknowledge.com/biblioteca.aspx?t=879F3E11-6760-4FE5-9156-07D170231047
_zVéase además: Base de datos Ebook7-24
856 _uhttps://0u20fsu38-y-https-research-ebsco-com.itmsp.museknowledge.com/c/qxo6us/search
_zVéase además: Base de datos EBSCOhost
942 _cLIB
_dJUS
_fJUS
_2ddc
999 _c19208
_d19208